000 00401nam a2200169Ia 4500
001 3304
003 IN-NITTTR
005 20251114232946.0
008 251113s9999||||xx |||||||||||||| ||eng||
040 _beng
040 _cIN-NITTTR
041 _aeng
082 _a658.3 B248O
100 _aBarlow, Carlton M.
245 0 _aOptimum use of engineering talent. /
_cBarlow, Carlton M.
942 _2ddc
_cBK
999 _c5613
_d5613